• 首页
  • 本馆介绍
  • 公告通知
  • 最新文献
  • 馆藏检索
  • 电子资源
  • 读者导购
  • 参考咨询
  • 我的图书馆
  • 登录
  • 详细信息显示
  • 放入我的书架
  • 预约/预借图书
  • 作者相关作品
  • 分类相关作品
  • 丛书相关作品
  • 出版社相关作品

书目信息

  • 表格格式
  • 工作单格式
  • 卡片格式
题名:
左传
    
 
作者: 左丘明, 著 ;贺林 译注
分册:  
出版信息: 北京   民主与建设出版社  2020.12
页数: 276页
开本: 24cm
丛书名: 美绘国学书系
单 册:
中图分类: K225.04
科图分类:
主题词: 春秋时代--chun qiu shi dai--历史--编年体
电子资源:
ISBN: 978-7-5139-3325-4
000 01296nam 2200313 450
001 CAL 010686806
005 20230217093112.0
010    @a978-7-5139-3325-4@b精装@dCNY76.00
100    @a20220628d2020 em y0chiy0120 ea
101 0  @achi
102    @aCN@b110000
105    @aa z 000yd
106    @ar
200 1  @a左传@Azuo chuan@f(春秋) 左丘明著@g贺林译注
210    @a北京@c民主与建设出版社@d2020.12
215    @a276页@c彩图@d24cm
225 2  @a美绘国学书系@Amei hui guo xue shu xi@i点墨人间
225 2  @a彩绘版国学经典名著@Acai hui ban guo xue jing dian ming zhu
300    @a翰墨怡香
330    @a本书又称《春秋左氏传》, 是我国古代一部叙事完备的编年体史书, 一般认为是鲁国史官左丘明所著。孔子编订《春秋》, 记事简略, 后来出现很多对《春秋》作注解的书, 代表是被称为“春秋三传”的《左传》《穀梁传》《公羊传》。《左传》记载了春秋时期二百五十多年的历史, 是儒家十三经中篇幅最长的一部, 它不仅是史书, 更是先秦散文代表。
410  0 @12001 @a美绘国学书系@i点墨人间
410  0 @12001 @a彩绘版国学经典名著
605    @a左传@Azuo chuan@x译文
606 0  @a春秋时代@Achun qiu shi dai@x历史@j编年体
690    @aK225.04@v5
701  0 @a左丘明,@Azuo qiu ming@f前556年-前451年@4著
702  0 @a贺林@Ahe lin@4译注
801  0 @aCN@bBJXHZP@c20230228
905    @b1379841-4@dK225.04@e102@f4
    
    左传/(春秋) 左丘明著/贺林译注.-北京:民主与建设出版社,2020.12
    276页:彩图;24cm.-(美绘国学书系.点墨人间).-(彩绘版国学经典名著)
    翰墨怡香
    
    ISBN 978-7-5139-3325-4(精装):CNY76.00
    本书又称《春秋左氏传》, 是我国古代一部叙事完备的编年体史书, 一般认为是鲁国史官左丘明所著。孔子编订《春秋》, 记事简略, 后来出现很多对《春秋》作注解的书, 代表是被称为“春秋三传”的《左传》《穀梁传》《公羊传》。《左传》记载了春秋时期二百五十多年的历史, 是儒家十三经中篇幅最长的一部, 它不仅是史书, 更是先秦散文代表。
●
相关链接 在E读中查询图书 在五车中查询图书 在当当中查询图书 在豆瓣中查询图书


正题名:左传     索取号:K225.04/102         预约/预借

序号 登录号 条形码 馆藏地/架位号 状态 备注
1 1379841   213798416   第二样本阅览室/ [索取号:K225.04/102] 在馆    
2 1379842   213798425   第二借阅区/ [索取号:K225.04/102] 在馆    
3 1379843   213798434   第二借阅区/ [索取号:K225.04/102] 在馆    
4 1379844   213798443   第二借阅区/ [索取号:K225.04/102] 在馆    
唐山师范学院图书馆 欢迎您!
大连网信软件有限公司© 版权所有